000 00684nam a22002297a 4500
003 UA-OsUOA
001 120689
007 ta
008 20170209b un ||||| |||| 00| 0 ukr d
100 _aПархоменко М.В.
700 _aФомін М.В.
090 _a902
_bП18
942 _cSA
040 _aUA-OsUOA
_bukr
_cUA-OsUOA
_dUA-OsUOA
245 _aПро час і обставини перебудови синагоги на церкву в Херсонесі
300 _aС.3-14
955 _a0
041 _aukr
080 _a902
773 0 _w120688
_tАрхеологія
_dК.
_d2016
_g4
650 7 _a9 Географія. Біографії. Історія
_2UDC
999 _c406550
_d406550